000 00205 a2200097 4500
001 56975
100 _a
245 _aMusalman Ourat
260 _aLahore
_bBeacon Pub
_c2007
090 _c34904
_d34904
942 _aNUST-CAE
_cMONOGRAPH
_c27674
999 _c292048
_d292048